书目信息 |
| 题名: |
常见急腹症诊治手册
|
|
| 作者: | ;遵义医学院附属医院急腹症科 主编 | |
| 分册: | ||
| 出版信息: | 北京 人民卫生出版社 1979 |
|
| 页数: | 364页 | |
| 开本: | 19cm | |
| 丛书名: | ||
| 单 册: | ||
| 中图分类: | R656.104-62 | |
| 科图分类: | ||
| 主题词: | 急腹症--诊断--手册 | |
| 电子资源: | ||
| ISBN: | ||
| 000 | 00678nam0 2200217 45 | |
| 001 | 0179008506 | |
| 005 | 20060815084502.00 | |
| 010 | @dCNY1.20 | |
| 091 | @a14048.3717 | |
| 100 | @a19950803d1979 em y0chiy0121 ea | |
| 101 | 0 | @achi |
| 102 | @aCN@b110000 | |
| 105 | @ay z 000yy | |
| 200 | 10 | @a常见急腹症诊治手册@Achang jian ji fu zheng zhen zhi shou ce@f遵义医学院附属医院急腹症科主编 |
| 210 | @a北京@c人民卫生出版社@d1979 | |
| 215 | @a364页@d19cm | |
| 606 | @a急腹症@x诊断@x手册 | |
| 690 | @aR656.104-62@v3 | |
| 711 | 02 | @a遵义医学院附属医院急腹症科@Azun yi yi xue yuan fu shu yi yuan ji fu zheng ke@4主编 |
| 801 | 0 | @aCN@bTSSF@c20060815 |
| 905 | @a10447@dR656.104-62@e26 | |
| 常见急腹症诊治手册/遵义医学院附属医院急腹症科主编.-北京:人民卫生出版社,1979 |
| 364页;19cm |
| ISBN :CNY1.20 |
| ● |
| 相关链接 |
|
|
|
|
正题名:常见急腹症诊治手册
索取号:R656.104-62/26
 
预约/预借
| 序号 | 登录号 | 条形码 | 馆藏地/架位号 | 状态 | 备注 |
| 1 | 0020987 | 000557187 | 第二样本阅览室/ [索取号:R656.104-62/26] | 在馆 | |
| 2 | 0439611 | 204396117 | 密集书库/ [索取号:R656.104-62/26] | 在馆 | |
| 3 | 0458351 | 204583511 | 密集书库/ [索取号:R656.104-62/26] | 在馆 | |
| 4 | 0458352 | 204583520 | 密集书库/ [索取号:R656.104-62/26] | 在馆 |